|
|
|
|
| LEADER |
00000nam a2200000 a 4500 |
| 001 |
vtls001412284 |
| 003 |
SK-MaSNL |
| 005 |
20260302035110.0 |
| 008 |
240314s2000 xo ap r yy slo |
| 015 |
|
|
|a SNBA2001/07-02598
|
| 020 |
|
|
|a 8085361736
|
| 035 |
|
|
|a SNK000366999
|
| 035 |
|
|
|a urn:nbn:sk:snk-amkmqy
|
| 035 |
|
|
|a urn:nbn:sk:snk-am0030wg
|
| 035 |
|
|
|a 3C6A701D-8ED8-438A-B9C0-89C23142ED1D
|
| 040 |
|
|
|a SNK
|b slo
|c SNK
|e AACR2
|
| 041 |
0 |
|
|a slo
|
| 044 |
|
|
|a xo
|c SK
|
| 080 |
|
|
|a 631.415
|2 1981
|
| 100 |
1 |
|
|a Kanianska, Radoslava,
|d 1967-
|4 aut
|9 253957
|
| 245 |
1 |
0 |
|a Acidifikácia pôd vplyvom kyslých atmosférických polutantov
|c Radoslava Kanianska
|
| 260 |
|
|
|a Bratislava
|b Výskumný ústav pôdoznalectva a ochrany pôdy
|c 2000
|
| 300 |
|
|
|a 95 s.
|b grafy, sch., tab.
|c 21 cm
|
| 490 |
1 |
|
|a Dizertačné práce
|
| 500 |
|
|
|a 500 výt.
|
| 504 |
|
|
|a Bibliogr. s. 87-95
|
| 650 |
0 |
7 |
|a kyslosť pôdy
|2 SNK
|9 20580
|
| 655 |
|
7 |
|a príručky
|2 SNK
|9 74364
|
| 919 |
|
|
|a 80-85361-73-6
|
| 958 |
|
|
|a OND
|
| 958 |
|
|
|a TL
|
| 958 |
|
|
|a NB
|
| 999 |
|
|
|c 1069225
|d 1071155
|
| 952 |
|
|
|t P60, <03>, [BOOK], {603}
|a SNK
|b SNK
|y PREZ
|7 0
|p 17A0300015
|o snkSC 104801
|i snkKSP 5923/2001
|0 0
|1 0
|4 0
|d 2001-05-03
|f 1
|l 0
|r 2025-09-25 00:00:00
|w 2026-02-24
|
| 952 |
|
|
|t P60, <04>, [BOOK], {604}
|a SNK
|b SNK
|y VYP
|7 0
|p 17A0300016
|o snkSC 104801 D1
|i snkKSP 5924/2001
|0 0
|1 0
|4 0
|d 2001-05-03
|l 0
|r 2005-01-02 00:00:00
|w 2026-02-24
|